Great ideas and theories of modern cosmology (Record no. 3204)

MARC details
000 -LEADER
fixed length control field 00504nam a2200181Ia 4500
003 - CONTROL NUMBER IDENTIFIER
control field IN-BaIIA
008 - FIXED-LENGTH DATA ELEMENTS--GENERAL INFORMATION
fixed length control field 211028s9999 xx 000 0 eng d
040 ## - CATALOGING SOURCE
Transcribing agency IIA Library
080 ## - UNIVERSAL DECIMAL CLASSIFICATION NUMBER
Universal Decimal Classification number 524.83
Item number SIN
100 ## - MAIN ENTRY--PERSONAL NAME
Personal name Singh, Jagjit
9 (RLIN) 5690
245 #0 - TITLE STATEMENT
Title Great ideas and theories of modern cosmology
Statement of responsibility, etc. Jagjit Singh
260 ## - PUBLICATION, DISTRIBUTION, ETC.
Place of publication, distribution, etc. New York
Name of publisher, distributor, etc. Dover Publications
Date of publication, distribution, etc. 1961
300 ## - PHYSICAL DESCRIPTION
Extent xii, 276p.
650 ## - SUBJECT ADDED ENTRY--TOPICAL TERM
Topical term or geographic name entry element Astronomy and astrophysics thesaurus
650 ## - SUBJECT ADDED ENTRY--TOPICAL TERM
Topical term or geographic name entry element Cosmology
650 ## - SUBJECT ADDED ENTRY--TOPICAL TERM
Topical term or geographic name entry element Universe
9 (RLIN) 1987
942 ## - ADDED ENTRY ELEMENTS (KOHA)
Koha item type Books
Holdings
Withdrawn status Lost status Damaged status Not for loan Home library Current library Shelving location Date acquired Cost, normal purchase price Total Checkouts Full call number Barcode Date last seen Cost, replacement price Price effective from Koha item type Purchase Price
        IIA Library-Bangalore IIA Library-Bangalore General Stacks 03/03/1969 14.40   524.83/ SIN 3559 05/11/2021 14.40 03/03/1969 Books Rs. 14.40

Powered by Koha